| 000 | 00340nam a22001457a 4500 | ||
|---|---|---|---|
| 003 | CEME | ||
| 005 | 20210628205200.0 | ||
| 008 | 210301b xxu||||| |||| 00| 0 eng d | ||
| 040 | _c. | ||
| 082 | _a0333 WAS | ||
| 100 |
_aKanholm _974300 |
||
| 245 | _aIso-9000 quality management | ||
| 260 |
_aRAWALPINDI _bIBRAHIM _c1996 |
||
| 942 |
_cBK _2ddc |
||
| 999 |
_c579851 _d579851 |
||